000 01613nam2a2200337 4500
001 RU\NLR\bibl\1437868
005 20260406103747.0
010 _a978-5-7797-0865-4
010 _a978-5-226-01532-8
_bВКТ
_95000
021 _aRU
_b2009-74201
_94621
035 _a(NLR Aleph) 001429737
090 _a1395056
_c1395056
100 _a20091112d2009 |||y0rusy50 ca
101 0 _arus
102 _aRU
105 _aa |||||||||
200 0 _aВып. 7
_f[Ольга Викторовна Белякова, Светлана Владимировна Болдырева, Елена Николаевна Калинина и др.
_gхудож.: А.А. Селиванов]
210 _d2009
_aБ. м.
215 _a31 с.
_cил.
300 _aАвт. указ. перед. вып. дан.
461 0 _1001RU\NLR\bibl\1468056
_12001#$aСценарий новогоднего праздника$vВып. 7
_91575883
_cЯрославль
_d2009
_f[авт.-сост.: Г.В. Загребина]
_nАкадемия развития
_tСценарий новогоднего праздника
_vВып. 7
701 1 _aБелякова
_bО. В.
_gОльга Викторовна
_4070
701 1 _aБолдырева
_bС. В.
_gСветлана Владимировна
_4070
701 1 _aКалинина
_bЕ. Н.
_gЕлена Николаевна
_4070
702 1 _4440
_7ca
_8rus
_aСеливанов
_bА. А.
_f1964-
_gАндрей Арсеньевич
_975024
_3RU\NLR\AUTH\7792097
801 0 _aRU
_bNLR
_c20091112
_gRCR
801 1 _aRU
_bNLR
_c20091112
942 _cBOOK
980 _aNB